Internet Starter Kit for Windows (Record no. 1084917)

MARC details
000 -LEADER
fixed length control field 00331nam a2200121Ia 4500
008 - FIXED-LENGTH DATA ELEMENTS--GENERAL INFORMATION
fixed length control field 231228s1994 xx 000 0 und d
041 ## - LANGUAGE CODE
Language code of text/sound track or separate title eng
082 ## - DEWEY DECIMAL CLASSIFICATION NUMBER
Classification number 4.6
Item number ENG
100 ## - MAIN ENTRY--PERSONAL NAME
Personal name ENGSI (A.C.) / LOW (C) / SIMON (M.A.)
245 ## - TITLE STATEMENT
Title Internet Starter Kit for Windows
260 ## - PUBLICATION, DISTRIBUTION, ETC.
Place of publication, distribution, etc. New Delhi
Name of publisher, distributor, etc. HAYDEN BOOK A
Date of publication, distribution, etc. 1994
300 ## - PHYSICAL DESCRIPTION
Extent XXI,608

No items available.